000 00347nam a22001217a 4500
020 _a9789332514676
082 _222
_a005.133
100 _aHorstmann, Cay. S and Cornell, Gary,
245 _aCore java :
_bfundamentals 9 E /
260 _aNew Delhi,
_bDorling Kindersley Pvt. Ltd,
_cc2013.
300 _axxvi, 973p. ;
_bill, .
_c23 cm.
942 _2ddc
_cIT
999 _c1239
_d1239